000 00282nam a2200109Ia 4500
008 200302s9999 xx 000 0 und d
100 _aAlex White
245 _aType in Use Effective Typography for Electronic Publishing
260 _bDesign Press
260 _c1992
300 _a191 P.,
999 _c1285
_d1285